Shakespeare by Unique 3 Letters Quiz Stats

 Plays Quiz Updated Apr 23, 2016

Challenge
Share
Tweet
Embed
Score 0/20 Timer 06:00
1 Play Today
3-Letter String Play % Correct
ADOMuch Ado About Nothing
86.5%
LETHamlet
86.1%
ETHMacbeth
80%
OHNKing John
66.5%
YOUAs You Like It
66.3%
VIIHenry VIII
60.3%
MPEThe Tempest
60.2%
VERThe Two Gentlemen of Verona
52%
LIUJulius Caesar
50.1%
ELFTwelfth Night
45.2%
3-Letter String Play % Correct
OILTroilus and Cressida
41.3%
LOSLove's Labour's Lost
37.7%
ITUTitus Andronicus
37.4%
IMOTimon of Athens
34.2%
ALEThe Winter's Tale
30%
MINThe Taming of the Shrew
29.4%
ANUCoriolanus
27.6%
THAAll's Well That Ends Well
27.4%
INDThe Merry Wives of Windsor
26.2%
ELICymbeline
17.7%

You're not logged in!

Compare scores with friends on all Sporcle quizzes.
OR
Log In

You Might Also Like...

Show Comments

Extras

Top Quizzes Today


Score Distribution

Your Account Isn't Verified!

In order to create a playlist on Sporcle, you need to verify the email address you used during registration. Go to your Sporcle Settings to finish the process.

Report this User

Report this user for behavior that violates our Community Guidelines.

Details: